01115 a2200217 4500003000500000005001700005020002000022040000900042082001200051100002300063245005600086260003100142300001100173505047400184650004600658650001800704700003900722942001200761999001900773952010500792Nust20170207154049.0 a0-415-14484-1 ; cNust a330.155 a Peter Groenewegen00aEconomics and ethics? (E-Book)c Peter Groenewegen aLondon :bRoutledge,c1996 a188 s. aIntroduction (Page-1) Ethics And Economics: An Economist’s View (Page-15) Ethics And Economics: A Philosopher’s View (Page-34) From Divine Corporation To A System Of Justice: Adventures In Individual Motivation And Social Outcome, With Hutcheson, Hume And Smith (Page-46) The Economists Approach To Ethics: A Late Twentieth Century View (Page-103) O Tempora, o mores! Economics as the ethos Of our times (Page-157) Morality And The Culture Of The Market (Page-173) 4aEconomicsxethicsxconference proceedings 4aEkonomixEtik1 aGroenewegen, Peter D.,d1939-4edt 2ddccBK c193028d193028 00102ddc40708NFICaMCSbMCSd2016-12-12l0o330.155 GROpMCSEB-2606r2016-12-08w2016-12-12yBK